関甲新学生野球連盟出身の現役選手(2026) - Statistics

General Stats
  • This quiz has been taken 6 times
  • The average score is 10 of 16
Answer Stats
大学名 現所属 ポジション 選手名 % Correct
上武 日本ハム 捕手 進藤勇也
100%
上武 阪神 外野手 島田海吏
80%
上武 中日 外野手 ブライト健太
80%
平成国際* ロッテ 投手 冨士隼斗
80%
白鷗 阪神 内野手 大山悠輔
80%
山梨学院 日本ハム 外野手 宮崎一樹
80%
上武 巨人 内野手 荒巻悠
60%
新潟医療福祉 阪神 投手 桐敷拓馬
60%
白鷗 阪神 外野手 福島圭音
60%
山梨学院 ヤクルト 投手 高梨裕稔
60%
山梨学院* 楽天 投手 中込陽翔
60%
山梨学院 楽天 捕手 田中貴也
60%
上武* DeNA 投手 吉野光樹
40%
新潟医療福祉 ヤクルト 投手 佐藤琢磨
40%
白鷗 オリックス 投手 曽谷龍平
40%
白鷗 楽天 投手 中沢匠磨
40%
No matching quizzes found
Score Distribution
Percent of People with Each Score
Percentile by Number Answered
Your Score History
You have not taken this quiz